Từ điển từ ngữ Nam Bộ

Tập hợp những lời văn, tiếng nói của người dân Nam Bộ cả trong đời sống hằng ngày cũng như trong các tác phẩm văn chương được xếp theo thứ tự chữ cái tiếng Việt từ A - Y

Guardado en:
Detalles Bibliográficos
Autor principal: Huỳnh, Công Tín
Otros Autores: Hội ngôn ngữ học Việt Nam
Formato: Libro
Lenguaje:Undetermined
Publicado: H. Khoa học xã hội 2007
Materias:
Acceso en línea:http://lrc.tdmu.edu.vn/opac/search/detail.asp?aID=2&ID=34155
Etiquetas: Agregar Etiqueta
Sin Etiquetas, Sea el primero en etiquetar este registro!
Thư viện lưu trữ: Trung tâm Học liệu Trường Đại học Thủ Dầu Một
LEADER 01168nam a2200217Ia 4500
001 TDMU_34155
008 210410s9999 xx 000 0 und d
082 |a 658.8705 
090 |b H531 
100 |a Huỳnh, Công Tín 
245 0 |a Từ điển từ ngữ Nam Bộ 
245 0 |c Huỳnh Công Tín 
260 |a H. 
260 |b Khoa học xã hội 
260 |c 2007 
300 |a 1392 tr 
520 |a Tập hợp những lời văn, tiếng nói của người dân Nam Bộ cả trong đời sống hằng ngày cũng như trong các tác phẩm văn chương được xếp theo thứ tự chữ cái tiếng Việt từ A - Y 
650 |a Phương ngữ học  |v Từ điển; Tiếng Việt  |v Từ điển  |z Miền Nam (Việt Nam); Ngôn ngữ Nam Bộ  |v Từ điển; Từ điển ngôn ngữ  |x Ngôn ngữ Nam Bộ  |z Miền Nam (Việt Nam) 
700 |a Hội ngôn ngữ học Việt Nam 
856 |u http://lrc.tdmu.edu.vn/opac/search/detail.asp?aID=2&ID=34155 
980 |a Trung tâm Học liệu Trường Đại học Thủ Dầu Một